01176cam a22003494i 4500003000900000005001700009008004100026020001500067035001900082040003300101082002100134100002600155245004500181264004700226300003800273336002100311337002500332338002300357504003400380505031600414526001000730526001000740526001000750526001000760526000800770526000800778526000800786526000800794526000800802526000800810526000800818PE-LiUPU20250731173241.0150625s1988 sp r 001 0 spa d a847151592X a(Sirsi) a35292 aPE-LiUPUbspacPE-LiUPUerda04a266.009bM912211 aMuller, Karl,eautor.10aTeologia de la misión /cKarl. Muller. 1aEspaña :bEditorial vervo divino,c1988. a247 páginas :c22 centímetros atext2rdacontent aunmediated2rdamedia avolume2rdacarrier aÍndice : páginas 239-241.0 aLa misionología como disciplina teológica -- ¿Qué es la misión? -- La razón de la misión -- El fin de la misión -- La obra de la misión -- El peso y las enseñanzas de la historia -- El mundo de hoy como contexto de la misión crisitiana -- Orientaciones bibliográficas sobre misiología. aSEG42 aSEG41 aSEG40 aSEG39 aP94 aP87 aP86 aP85 aP77 aP76 aP35